Catchphrases des participants de Frenchie Shore - Statistiques

Statistiques générales
  • Ce quiz a été pris 133 fois
  • Le résultat moyen est 4 sur 10
Statistiques - réponses
Par images Réponse % Correct
Avec Ouryel c'est chic chic chic, bite bite bite !
82%
July max de max en fait !!!
81%
NO NICO, NO PARTYYYY
57%
Toujours irrésistible, jamais irrespectueuse
50%
Moi c'est Enzo, ma mission : détourner tous les hétéros !
38%
J'ai peut-être l'air d'un ange, mais je suis une vraie diablesse
36%
J'arrive déter avec Beber, assurez vos arrières
29%
Les meufs comme moi, ça se fait rare, enchantée, c'est Pépita
13%
J'aime la meuf, j'aime le cul, zéro concu j'suis détendu
6%
Il fait chaud, y'a de la go, j'suis costaud, en mode charo
4%
Aucun quiz correspondant
Distribution des résultats
% des personnes avec chaque résultat
Percentile par nombre de réponses
Votre historique - résultats
Vous n’avez pas pris ce quiz